Historia de la banca / (Record no. 52415)

MARC details
000 -LEADER
campo de control de longitud fija 00522nam a2200157 i 4500
001 - NÚMERO DE CONTROL
campo de control 52415
003 - IDENTIFICADOR DE NÚMERO DE CONTROL
campo de control ES-MaACL
005 - FECHA Y HORA DE LA ÚLTIMA TRANSACCIÓN
campo de control 20230906162558.0
007 - CAMPO FIJO DE DESCRIPCIÓN FÍSICA--INFORMACIÓN GENERAL
campo de control de longitud fija t|
008 - DATOS DE LONGITUD FIJA--INFORMACIÓN GENERAL
campo de control de longitud fija 030829s1958 sp ||||1| spa d
100 1# - ENTRADA PRINCIPAL--NOMBRE DE PERSONA
Nombre de persona Dauphin-Meunier, Achille.
9 (RLIN) 42830
245 10 - MENCIÓN DEL TÍTULO
Título Historia de la banca /
Mención de responsabilidad, etc. Aquiles Dauphin-Meunier ; traducción castellana de Ignacio L. Bajona Oliveras.
260 ## - PUBLICACIÓN, DISTRIBUCIÓN, ETC.
Lugar de publicación, distribución, etc. Barcelona :
Nombre del editor, distribuidor, etc. Vergara,
Fecha de publicación, distribución, etc. [1958] (
Fabricante Imp. Emporium)
700 1# - ENTRADA AGREGADA--NOMBRE PERSONAL
Nombre de persona Bajona Oliveras, Ignacio L.
9 (RLIN) 24761
852 ## - LOCALIZACIÓN
Ubicación ES-MaACL
Número de control de estantería C-14774
Sublocalización o colección R.42577
Holdings
Estatus retirado Estado de pérdida Estado de daño No para préstamo Biblioteca de origen Biblioteca actual Ubicación en estantería Fecha de adquisición Fuente de adquisición Total de préstamos Signatura topográfica completa Código de barras Visto por última vez Precio de reemplazo Tipo de ítem Koha
        Biblioteca del Ateneo de Madrid Biblioteca del Ateneo de Madrid Ficheros 17/01/2008     C-14774 1055097 23/02/2023 23/02/2023 Libro impreso